|
|
|
|
| LEADER |
00000nam0a2200000 4500 |
| 001 |
306425 |
| 005 |
20231102001907.0 |
| 035 |
|
|
|a (RuTPU)RU\TPU\book\331702
|
| 090 |
|
|
|a 306425
|
| 100 |
|
|
|a 20151007d1983 km y0rusy50 ca
|
| 101 |
0 |
|
|a rus
|
| 102 |
|
|
|a RU
|
| 105 |
|
|
|a a z 001zb
|
| 200 |
1 |
|
|a Евгений Александрович Мравинский
|f В. С. Фомин
|
| 210 |
|
|
|a Москва
|c Музыка
|d 1983
|
| 215 |
|
|
|a 191 с.
|c ил.
|
| 225 |
1 |
|
|a Русские и советские дирижеры
|
| 320 |
|
|
|a Библиогр.: с. 173-182
|
| 600 |
|
1 |
|a Мравинский
|b Е. А.
|c советский режисер
|f 1903-1988
|g Евгений Александрович
|2 stltpush
|3 (RuTPU)RU\TPU\pers\43641
|
| 606 |
1 |
|
|a Дирижерское искусство
|2 stltpush
|3 (RuTPU)RU\TPU\subj\9587
|9 36805
|
| 610 |
1 |
|
|a музыка
|
| 610 |
1 |
|
|a музыканты
|
| 610 |
1 |
|
|a музыкальная культура
|
| 610 |
1 |
|
|a музыкальное творчество
|
| 610 |
1 |
|
|a Россия
|
| 610 |
1 |
|
|a 20 век
|
| 610 |
1 |
|
|a дирижеры
|
| 675 |
|
|
|a г8.071.2
|v 4
|
| 700 |
|
1 |
|a Фомин
|b В. С.
|g Виталий Сергеевич
|
| 801 |
|
1 |
|a RU
|b 63413507
|c 20151007
|
| 801 |
|
2 |
|a RU
|b 63413507
|c 20190507
|g RCR
|
| 942 |
|
|
|c BK
|